00655nam a22002057a 450000500170000000800410001702000150005808200210007310000260009410000280012024500920014825000090024026000390024930000120028865000220030065000140032294200060033695200940034299900130043620240318072901.0240318b |||||||| |||| 00| 0 eng d a9559255037 222a323.4.bINT. aLeary , A. Virginia. aWickremasinghe, Suriya. aAn Introductory Guide to Human Rights Law and Humanitarian Law :cVirginia A. Leary . a2nd. aColombo :bNadesan Centre /c1995. a79 p., aHuman Rights Law. aPolitics. cL 001040708LaWERCLbWERCLd2024-03-18l0o323.4. INT.p2209.r2024-03-18w2024-03-18yL c578d578